Normal view
MARC view
Entry Personal Name
001 - CONTROL NUMBER
- control field: 771844
003 - CONTROL NUMBER IDENTIFIER
- control field: OSt
005 - DATE AND TIME OF LATEST TRANSACTION
- control field: 20250508161933.0
008 - FIXED-LENGTH DATA ELEMENTS
- fixed length control field: 250508|| aca||aabn | a|a d
040 ## - CATALOGING SOURCE
- Original cataloging agency: OSt
- Transcribing agency: OSt
100 ## - HEADING--PERSONAL NAME
- Personal name: Swain Dakeswari
670 ## - SOURCE DATA FOUND
- Source citation: Work cat.: (OSt)1373353: Swain Dakeswari, Study of the attitude of college teachers and students towards internal-assessment procedure in Orissa, with special reference to the Sambalpur University, 1977
